[Event "GER OS-371 email"]
[Site "GER email"]
[Date "2019.03.28"]
[Round "?"]
[White "Werner, Juergen"]
[Black "Kottkamp, Christian"]
[Result "1-0"]
[WhiteElo "1522"]
[BlackElo "1188"]
[PlyCount "31"]
[EventDate "2019.04.05"]
[EventType "tourn (corr)"]
[EventRounds "6"]
[EventCountry "GER"]
[SourceTitle "Corr 2022"]
[Source "ChessBase"]
[SourceDate "2021.10.24"]
[SourceVersion "1"]
[SourceVersionDate "2021.10.24"]
[SourceQuality "1"]

1. e4 e5 2. Bc4 d6 3. Nf3 Nf6 4. d3 Be7 5. 0-0 0-0 6. Re1 Qd7 7. Bg5 h6 8. Bxf6 gxf6 9. Nc3 f5 10. d4 f4 11. dxe5 dxe5 12. Nxe5 Qd6 13. Qh5 b6 14. Nxf7 Rxf7 15. Qxf7+ Kh8 16. Qg8# 1-0

[Event "GER OS-371 email"]
[Site "GER email"]
[Date "2019.03.28"]
[Round "?"]
[White "Werner, Juergen"]
[Black "Ramus, Norbert"]
[Result "1-0"]
[WhiteElo "1522"]
[BlackElo "1389"]
[PlyCount "89"]
[EventDate "2019.04.05"]
[EventType "tourn (corr)"]
[EventRounds "6"]
[EventCountry "GER"]
[SourceTitle "Corr 2022"]
[Source "ChessBase"]
[SourceDate "2021.10.24"]
[SourceVersion "1"]
[SourceVersionDate "2021.10.24"]
[SourceQuality "1"]

1. e4 e5 2. Nf3 Nc6 3. Bb5 d6 4. d4 Bd7 5. Nc3 Nf6 6. 0-0 Be7 7. Re1 exd4 8. Nxd4 0-0 9. Bxc6 bxc6 10. Bg5 h6 11. Bh4 Re8 12. b3 c5 13. Nf5 Bxf5 14. exf5 Qd7 15. Qf3 d5 16. Rad1 c6 17. Na4 Qd6 18. Bg3 Qd8 19. Qc3 d4 20. Qf3 Qd5 21. Qf4 Qd7 22. c4 Rad8 23. Nb2 Nh5 24. Qf3 Nxg3 25. hxg3 Bf6 26. Nd3 Qd6 27. g4 Rc8 28. Rxe8+ Rxe8 29. Re1 Rc8 30. Qe4 a6 31. g3 a5 32. Qe2 Ra8 33. f4 Kh7 34. Kg2 Ra7 35. g5 Be7 36. Ne5 f6 37. Qh5 fxg5 38. Qe8 Qf6 39. Nxc6 Qxf5 40. Nxa7 Qc2+ 41. Kf3 Qc3+ 42. Kf2 d3 43. Rxe7 Qc2+ 44. Re2 dxe2 45. Qxe2 1-0

[Event "GER-ch 2013-F email"]
[Site "GER email"]
[Date "2015.04.05"]
[Round "?"]
[White "Werner, Juergen"]
[Black "Packroff, Hermann"]
[Result "1/2-1/2"]
[WhiteElo "2191"]
[BlackElo "2021"]
[PlyCount "67"]
[EventDate "2015.??.??"]
[EventType "tourn (corr)"]
[EventRounds "10"]
[EventCountry "GER"]
[SourceTitle "Corr 2020"]
[Source "ChessBase"]
[SourceDate "2019.09.30"]
[SourceVersion "1"]
[SourceVersionDate "2019.09.30"]
[SourceQuality "1"]

1. e4 e5 2. Nf3 Nc6 3. Bb5 Nf6 4. d3 Bc5 5. c3 0-0 6. 0-0 d6 7. Nbd2 a6 8. Ba4 b5 9. Bc2 Re8 10. h3 h6 11. Re1 Bb6 12. Nf1 d5 13. exd5 Qxd5 14. Be3 Be6 15. Qd2 Bxe3 16. Qxe3 Qd7 17. Ng3 Rad8 18. Kh2 a5 19. a3 a4 20. Rad1 Qd6 21. Kg1 Nd5 22. Qc1 Nb6 23. d4 exd4 24. cxd4 Bd5 25. Be4 Nc4 26. Nf5 Qe6 27. Bxd5 Qxd5 28. Qc2 Rxe1+ 29. Rxe1 g6 30. Ne3 Nxd4 31. Nxd4 Qxd4 32. Rd1 Nd2 33. Qxc7 Qd6 34. Qc3 1/2-1/2

[Event "GER-ch 2013-A email"]
[Site "GER email"]
[Date "2014.10.13"]
[Round "?"]
[White "Amann, Hubert"]
[Black "Werner, Juergen"]
[Result "1/2-1/2"]
[WhiteElo "2176"]
[BlackElo "2225"]
[PlyCount "67"]
[EventDate "2014.??.??"]
[EventType "tourn (corr)"]
[EventRounds "10"]
[EventCountry "GER"]
[SourceTitle "Corr 2020"]
[Source "ChessBase"]
[SourceDate "2019.09.30"]
[SourceVersion "1"]
[SourceVersionDate "2019.09.30"]
[SourceQuality "1"]

1. d4 Nf6 2. c4 e6 3. Nf3 c5 4. d5 exd5 5. cxd5 d6 6. Nc3 g6 7. Bf4 a6 8. a4 Bg7 9. e4 Bg4 10. Be2 0-0 11. 0-0 Bxf3 12. Bxf3 Qe7 13. e5 dxe5 14. Bg5 Nbd7 15. d6 Qe6 16. Bxb7 Ra7 17. Bc6 h6 18. Be3 Rc8 19. Bd5 Nxd5 20. Qxd5 Qxd5 21. Nxd5 Bf8 22. b4 Bxd6 23. bxc5 Nxc5 24. Rac1 f5 25. g3 g5 26. Rfd1 Bf8 27. Nb6 Rcc7 28. Rd5 Rab7 29. Rcxc5 Bxc5 30. Bxc5 Rxc5 31. Rxc5 Rxb6 32. Rxe5 Rf6 33. Re7 Rc6 34. Ra7 1/2-1/2

[Event "GER-ch 2013-A email"]
[Site "GER email"]
[Date "2014.10.13"]
[Round "?"]
[White "Loeffler, Werner"]
[Black "Werner, Juergen"]
[Result "1/2-1/2"]
[WhiteElo "2127"]
[BlackElo "2225"]
[PlyCount "57"]
[EventDate "2014.??.??"]
[EventType "tourn (corr)"]
[EventRounds "10"]
[EventCountry "GER"]
[SourceTitle "Corr 2020"]
[Source "ChessBase"]
[SourceDate "2019.09.30"]
[SourceVersion "1"]
[SourceVersionDate "2019.09.30"]
[SourceQuality "1"]

1. d4 Nf6 2. c4 e6 3. Nc3 Bb4 4. f3 d5 5. a3 Bxc3+ 6. bxc3 c5 7. cxd5 Nxd5 8. dxc5 f5 9. Qc2 0-0 10. e4 fxe4 11. fxe4 Nf4 12. Nf3 Qc7 13. Be3 Nd7 14. Bc4 Nxc5 15. 0-0 Bd7 16. Rae1 Na4 17. Ba2 Qxc3 18. Qb3 b6 19. Nd4 Kh8 20. Rc1 Qxb3 21. Bxb3 e5 22. Bxf4 exd4 23. Be5 Nc3 24. Bc4 Bb5 25. Bxd4 Bxc4 26. Rxf8+ Rxf8 27. Bxc3 b5 28. Rd1 h5 29. h3 1/2-1/2

[Event "GER-ch 2013-A email"]
[Site "GER email"]
[Date "2014.10.13"]
[Round "?"]
[White "Schreiber, Kurt"]
[Black "Werner, Juergen"]
[Result "1/2-1/2"]
[WhiteElo "2243"]
[BlackElo "2225"]
[PlyCount "117"]
[EventDate "2014.??.??"]
[EventType "tourn (corr)"]
[EventRounds "10"]
[EventCountry "GER"]
[SourceTitle "Corr 2020"]
[Source "ChessBase"]
[SourceDate "2019.09.30"]
[SourceVersion "1"]
[SourceVersionDate "2019.09.30"]
[SourceQuality "1"]

1. d4 Nf6 2. c4 e6 3. Nc3 Bb4 4. e3 0-0 5. Nf3 c5 6. Bd3 d5 7. 0-0 cxd4 8. exd4 dxc4 9. Bxc4 b6 10. Bg5 Bb7 11. Qe2 Bxc3 12. bxc3 Nbd7 13. Bb3 Qc7 14. c4 h6 15. Bh4 Nh5 16. Rad1 Qf4 17. Bg3 Nxg3 18. hxg3 Qd6 19. Rfe1 Rfd8 20. Qc2 Rac8 21. Qb1 Qf8 22. Qb2 Qb4 23. Re3 Qf8 24. Qa1 Qd6 25. Qb1 Qc7 26. Qb2 a6 27. a3 Nf6 28. Ne5 Rd6 29. Re2 Rcd8 30. Ree1 Nd7 31. Ng4 Qc8 32. Qe2 Ba8 33. Qa2 h5 34. Ne3 Nf6 35. d5 exd5 36. cxd5 g6 37. Rd4 Qc3 38. Red1 Re8 39. R4d3 Qc7 40. a4 Qd8 41. Qa1 b5 42. Rd4 Bb7 43. Qa3 Qb6 44. Qb4 Bc8 45. axb5 axb5 46. Ra1 Bg4 47. Rc1 Kg7 48. Bd1 Ra8 49. Rb1 Bd7 50. Rd3 Qc7 51. Bc2 Rc8 52. Ra1 Rb6 53. Qd4 Qd6 54. Qb2 Rbb8 55. Bd1 Re8 56. Bf3 Qe5 57. Qa2 Rec8 58. Re1 Ra8 59. Qe2 1/2-1/2

[Event "GER-ch 2013-A email"]
[Site "GER email"]
[Date "2014.10.13"]
[Round "?"]
[White "Werner, Juergen"]
[Black "Bars, Joachim"]
[Result "1/2-1/2"]
[WhiteElo "2225"]
[BlackElo "2129"]
[PlyCount "84"]
[EventDate "2014.??.??"]
[EventType "tourn (corr)"]
[EventRounds "10"]
[EventCountry "GER"]
[SourceTitle "Corr 2020"]
[Source "ChessBase"]
[SourceDate "2019.09.30"]
[SourceVersion "1"]
[SourceVersionDate "2019.09.30"]
[SourceQuality "1"]

1. e4 c5 2. Nf3 d6 3. d4 cxd4 4. Nxd4 Nf6 5. f3 e5 6. Nb3 Be6 7. c4 Nbd7 8. Be3 Rc8 9. Na3 a6 10. Be2 Be7 11. 0-0 0-0 12. Qd2 Nh5 13. Rfd1 g6 14. Rac1 f5 15. exf5 gxf5 16. Na5 Rc7 17. Nc2 b6 18. Nb3 f4 19. Bf2 Nhf6 20. Nb4 a5 21. Nd5 Nxd5 22. cxd5 Bf7 23. Rc6 Rb7 24. Ba6 Rb8 25. Qe2 Nf6 26. Nd2 Kh8 27. Bc4 Rg8 28. Ne4 b5 29. Nxf6 Bxf6 30. Bxb5 e4 31. a4 e3 32. Be1 Be5 33. Kh1 Rg7 34. b3 Bg6 35. Rdc1 Bf5 36. h3 Qg5 37. Rc7 Rgg8 38. Bc3 Bxc3 39. R7xc3 Rg7 40. Rc7 Rbg8 41. Rxg7 Qxg7 42. Qf1 Qe5 1/2-1/2